Loading...

കര്‍ണന്‍ /

Bibliographic Details
Main Author: സാവന്ത്, ശിവാജി
Other Authors: Sawant, Shivaji, Chandran, P. K., Jayasree T. R.
Format: Printed Book
Language:English
Published: കോട്ടയം : DC Books, 2014.
Edition:1st ed.
Subjects:
LEADER 01135nam a22002297a 4500
008 141216b xxu||||| |||| 00| 0 eng d
020 |a 9788171304868 
082 |a 891.463 SAN/CHA 
100 |a സാവന്ത്, ശിവാജി 
245 |a കര്‍ണന്‍ /  |c ശിവാജി സാവന്ത് 
250 |a 1st ed. 
260 |a കോട്ടയം :  |b DC Books,  |c 2014. 
300 |a 598p. 
650 |a Novel 
700 |a Sawant, Shivaji 
700 |a Chandran, P. K. 
700 |a Jayasree T. R. 
942 |2 ddc  |c BK 
999 |c 8986  |d 8986 
952 |0 0  |1 0  |2 ddc  |4 0  |6 891_463000000000000_SAW_CHA  |7 0  |9 12798  |a MAIN  |b MAIN  |d 2014-12-16  |e Modern Books  |g 350.00  |l 10  |m 3  |o 891.463 SAW/CHA  |p 12786  |r 2017-12-07  |s 2017-11-16  |t 1  |w 2014-12-16  |y BK 
952 |0 0  |1 0  |2 ddc  |4 0  |6 891_463000000000000_SAW_CHA  |7 0  |9 17665  |a MAIN  |b MAIN  |d 2015-09-28  |e D .C. Books  |g 395.00  |l 9  |m 3  |o 891.463 SAW/CHA  |p 17475  |r 2018-04-27  |s 2018-03-15  |t 2  |w 2015-09-28  |y BK 
952 |0 0  |1 0  |2 ddc  |4 0  |6 891_463000000000000_SAN_CHA  |7 0  |9 21136  |a MAIN  |b MAIN  |d 2016-05-06  |e Mathrubhumi Books  |g 395.00  |l 10  |m 3  |o 891.463 SAN/CHA  |p 21167  |q 2020-04-09  |r 2020-03-10  |s 2020-03-10  |t 3  |w 2016-05-06  |y BK